| 000 | 00564cam a22002052a 4500 | ||
|---|---|---|---|
| 001 | 002001 | ||
| 003 | AR-FADEU | ||
| 008 | 311216n1976####xxu####################dd | ||
| 092 |
_a301 _bZ61-3 |
||
| 100 | _aZetterberg, Hans | ||
| 245 | _aTeoría y verificación en sociologia | ||
| 250 | _a3a. ed | ||
| 260 | _aBuenos Aires | ||
| 260 | _bNueva Visión | ||
| 260 | _c1976 | ||
| 300 | _a143 p | ||
| 440 | _aCuadernos de investigación social Tratados e investigaciones | ||
| 650 | _aSOCIOLOGIA-TEORIA; METODO SOCIOLOGICO; TEORIA SOCIOLOGICA | ||
| 942 | _cBDGR | ||
| 999 |
_c7836 _d7836 |
||